00769cam a22002291a 4500001001300000003000400013005001700017008004100034010001700075035002000092040001700112042001200129050001800141130002000159245010100179260003300280300002100313490011700334700002800451830004500479999001500524af 48003848 DLC20260227110904.0871218s1946 gw 000 0 lat  aaf 48003848  a(OCoLC)17258118 aDLCcWUdDLC apremarc00aPT1578.A1bS80 aNibelungenlied.14aDas Nibelungenlied, XXX.-XXXIX, Aventiure :bNach der Handschrift B /chrsg. von Elfriede Stutz. aHeidelberg :bWinter,c1946. a107 p. ;c20 cm.1 aEditiones Heidelbergenses, Heidelberger Ausgaben zur Geistes- und Kulturgeschichte des Abendlandes ;vHeft Nr. 71 aStutz, Elfriede,d1919- 0aEditiones Heidelbergenses ;vHeft Nr. 7. c5794d5794